00588nam a2200205Ia 4500008004100000020001800041050001500059050001800074100003200092245004100124245006200165260001700227260002500244260000900269300001600278300002000294300001100314500004100325650001600366160303s9999 xx 000 0 und d a971-08-6457-2 aFIL BF 121 b.K34 2004 c.4 aKahayon, Alicia Hernandez - aPsychology towards a new millenium / cAlicia Hernandez- Kahayon, Rita Teresa Villacarlos-Berba. aMandaluyong: bNational Book Store, c2009 a438 pages : billustrations ; c22 cm. aIncludes bibliographical references. aPsychology.